| 000 | 00000nas 2200000za 4500 |
| 001 | 9.837015 |
| 003 | CaOODSP |
| 005 | 20221107151033 |
| 007 | cr ||||||||||| |
| 008 | 170518d19671979oncmr p oss f0###a0fre|d |
| 022 | |y0008-2627 |
| 040 | |aCaOODSP|bfre |
| 041 | |aeng|afre |
| 043 | |an-cn--- |
| 086 | 1 |aCS63-011-PDF |
| 245 | 00|aRestaurant statistics |h[ressource électronique] = |bStatistique des restaurants. |
| 246 | 11|aStatistique des restaurants|fjuin 1967, déc. 1967, fév. 1968-déc. 1979 |
| 246 | 13|aStatistiques sur les restaurants|fjuillet 1967-novembre. 1967 |
| 246 | 13|aStatistique sur les restaurants|fjanv. 1968 |
| 260 | |aOttawa : |bDominion Bureau of Statistics = Bureau fédéral de la statistique, |c1967-1980. |
| 310 | |aMensuel |
| 362 | 0 |aVol. 1, no. 1 (juin 1967)-v. 13, no. 12 (déc. 1979). |
| 500 | |aÉdition numérisée de l’imprimé [par Statistique Canada]. |
| 546 | |aTexte en anglais et en français. |
| 550 | |aPubl. juin 1967-déc. 1971 par la Division du commerce et des services; janv. 1972-déc. 1979 par Statistique Canada, Division du commerce et des services. |
| 692 | 07|2gccst|aIndustrie hôtelière |
| 692 | 07|2gccst|aStatistique |
| 710 | 1 |aCanada.|bBureau fédéral de la statistique.|bDivision du commerce et des services. |
| 710 | 2 |aStatistique Canada.|bDivision du commerce et des services. |
| 785 | 00|tRestaurant, caterer and tavern statistics |w(CaOODSP)9.809068 |
| 791 | |tRestaurant statistics |eeng|w(CaOODSP)9.837013 |